1975 1871 1265 1823 1253 1676 1128 1796 1785 1025 1114 1163 1213 1733 1979 1200 1996 1901 1944 1818 1336 1838 1837 1483 1570 1574 1847 1604 1656 1064 1311 1588 1335 1567 1212 1476 1879 1013 1946 1335 1004 1199 1647 1910 1140 1938 1239 1757 1014 1854 1709 1777 1642 1301 1286 1103 1545 1141 1105 1495 1025 1697 1960 1840 1778 1201 1021 1072 1768 1251 1009 1344 1657 1747 1538 1007 1676 1828 1157 1609 1360 1421 1788 1046 1867 1610 1653 1430 1440 1071 1419 1541 1783 1730 1036 1875 1149 1780 1788 BCNSPRNW ULIB Ver.6.0+V

เปลี่ยนเป็นภาษาไทย

Change to English
 แสดงรายละเอียดบรรณานุกรม
  กลับหน้าหลัก

Brief Record : Get Marc (ISO 2709) : E-mail record : QR code < ปิดหน้าต่าง
LEADER : 00000nam 2200000uu 4500
001    13399125343
003     ULIB
008    170505s2558||||th 000 0 tha d
020    ^a9786167902425
060    ^aQW25^bส244ก 2
100    ^aสุทธิรัตน์ สิทธิศักดิ์
245    ^aการตรวจวินิจฉัยแบคทีเรียก่อโรคที่พบบ่อย /^cสุทธิรัตน์ สิทธิศักดิ์
250    ^aพิมพ์ครั้งที่ 1
260    ^aพิษณุโลก :^bสำนักพิมพ์มหาวิทยาลัยนเรศวร,^c2558
300    ^aก-ค, 109 หน้า^bภาพประกอบ, ตาราง
650    ^aBacteria
650    ^aLaboratory Manuals
650    ^aMicrobiology
650    ^aแบคทีเรีย
650    ^aวิทยาแบคทีเรีย
945    ^p0^l0^i002048
945    ^p0^l0^i002049
945    ^p0^l0^i002050
945    ^p0^l0^i002051
945    ^p0^l0^i002052
999    ^aวรรณษา ชูชัยมงคล
รายการนี้ยังไม่มีแท็ก
คุณยังไม่ได้ล็อกอิน คุณสามารถมีกิจกรรมร่วมกับเว็บไซต์ได้ แต่ต้องล็อกอินก่อน ::
  ล็อกอิน

รายการสื่อสารสนเทศ

ลำดับที่ ประเภท เลขเรียก/บาร์โค้ด สถานที่ สถานะ
1. วิทยาศาสตร์การแพทย์ และสุขภาพ
วิทยาศาสตร์การแพทย์ และสุขภาพ
สถานะ=หนังสือเก่า
QW25 ส244ก 2 ฉ.1 
  Barcode: 002048
ห้องสมุดวิทยาเขตสวรรค์ประชารักษ์
►ส่วนจัดเก็บหนังสือเก่า สปร
บนชั้น
  ขอยืม
2. วิทยาศาสตร์การแพทย์ และสุขภาพ
วิทยาศาสตร์การแพทย์ และสุขภาพ
สถานะ=หนังสือเก่า
QW25 ส244ก 2 ฉ.2 
  Barcode: 002049
ห้องสมุดวิทยาเขตสวรรค์ประชารักษ์
►ส่วนจัดเก็บหนังสือเก่า สปร
บนชั้น
  ขอยืม
3. วิทยาศาสตร์การแพทย์ และสุขภาพ
วิทยาศาสตร์การแพทย์ และสุขภาพ
สถานะ=หนังสือเก่า
QW25 ส244ก 2 ฉ.3 
  Barcode: 002050
ห้องสมุดวิทยาเขตสวรรค์ประชารักษ์
►ส่วนจัดเก็บหนังสือเก่า สปร
บนชั้น
  ขอยืม
4. วิทยาศาสตร์การแพทย์ และสุขภาพ
วิทยาศาสตร์การแพทย์ และสุขภาพ
สถานะ=หนังสือเก่า
QW25 ส244ก 2 ฉ.4 
  Barcode: 002051
ห้องสมุดวิทยาเขตสวรรค์ประชารักษ์
►ส่วนจัดเก็บหนังสือเก่า สปร
บนชั้น
  ขอยืม
5. วิทยาศาสตร์การแพทย์ และสุขภาพ
วิทยาศาสตร์การแพทย์ และสุขภาพ
สถานะ=หนังสือเก่า
QW25 ส244ก 2 ฉ.5 
  Barcode: 002052
ห้องสมุดวิทยาเขตสวรรค์ประชารักษ์
►ส่วนจัดเก็บหนังสือเก่า สปร
บนชั้น
  ขอยืม

รายการใกล้เคียง
    ผู้แต่ง [สุทธิรัตน์ สิทธิศักดิ์]

    หัวเรื่อง [Bacteria]
    หัวเรื่อง [Microbiology]
    หัวเรื่อง [แบคทีเรีย]
    หัวเรื่อง [วิทยาแบคทีเรีย]

BibComment


ยังไม่เคยถูกคอมเมนท์

คอมเมนท์ทรัพยากรรายการนี้
  คอมเมนท์: การตรวจวินิจฉัยแ..


 Copyright 2026. Bcnsprnw @Library